|
|
|
|
| LEADER |
01133nam a22002897a 4500 |
| 001 |
42400 |
| 003 |
BD-DhAAL |
| 005 |
20250819120437.0 |
| 008 |
240313t1995 maua|||| b||| 001 0 eng d |
| 020 |
|
|
|a 0395502527
|
| 040 |
|
|
|a BD-DhAAL
|d BD-DhAAL
|
| 082 |
|
|
|a 973
|2 22
|
| 245 |
|
|
|a Making America :
|b a history of the united states /
|c Carol Berkin ... [et al.].
|
| 264 |
|
|
|a Boston :
|b Houghton Mifflin Co.,
|c c2006.
|
| 300 |
|
|
|a xxxii, 1027, A9, B37, G46, I46 pages :
|b ill. (chiefly col.), col. maps ;
|c 26 cm.
|
| 504 |
|
|
|a Includes bibliographical references (p. A1-A9) and index.
|
| 541 |
|
|
|a Donation from the Asia Foundation
|e 42400
|
| 651 |
|
|
|a United States
|x History.
|
| 700 |
|
|
|a Berkin, Carol
|9 56147
|
| 700 |
|
|
|a Miller, Christopher L.
|9 56148
|
| 700 |
|
|
|a Robert W. Cherny,
|9 56149
|
| 700 |
|
|
|a Gormly, James L.
|9 56150
|
| 700 |
|
|
|a Egerton, Douglas
|9 56151
|
| 700 |
|
|
|a Woestman, Kelly.
|9 56152
|
| 942 |
|
|
|2 ddc
|c BK
|
| 999 |
|
|
|c 46464
|d 46464
|
| 952 |
|
|
|0 0
|1 0
|2 ddc
|4 0
|6 973_000000000000000_MAK
|7 0
|9 75263
|a SCL
|b SCL
|c GEN
|d 2024-03-13
|e Donation from the Asia Foundation
|l 0
|o 973 MAK
|p 3020042400
|r 2024-03-13
|t 1
|w 2024-03-13
|y BK
|